|
|
|
|
| LEADER |
00000nab a2200000 a 4500 |
| 001 |
vtls000668950 |
| 003 |
SK-MaSNL |
| 005 |
20260304084928.0 |
| 008 |
250425c1998 xo 0 slo |
| 015 |
|
|
|a SNBRB1998/07-18951
|
| 035 |
|
|
|a CLN000021130
|
| 035 |
|
|
|a urn:nbn:sk:snk-abbryd
|
| 035 |
|
|
|a (urnnbn)urn:nbn:sk:snk:ar-0056l0
|
| 035 |
|
|
|a (uuid)b20e84f1-0c8b-4803-9964-8712d140431d
|
| 040 |
|
|
|a SNKBUCL
|b slo
|c SNKBUCL
|e AACR2
|
| 041 |
0 |
|
|a slo
|
| 044 |
|
|
|a xo
|c SK
|
| 080 |
|
|
|a 82.09:885.4-4
|2 1997
|
| 080 |
|
|
|a 885.4-4.09
|2 1997
|
| 100 |
1 |
|
|a Bančej, Maroš,
|d 1960-2019
|4 aut
|9 103835
|
| 245 |
1 |
0 |
|a Krutokradnutý kuk
|b 4 pohľady na-
|c Maroš M. Bančej
|
| 600 |
1 |
7 |
|a Chrobáková Repar, Stanislava,
|d 1960-
|t Krutokradma
|2 snkbucl
|9 14879
|
| 655 |
|
7 |
|a články z novín a časopisov
|2 snkbucl
|9 267496
|
| 773 |
0 |
|
|t Dotyky
|g Roč. 10, č. 4-5 (1998), s. 19
|
| 850 |
|
|
|a Slovenská národná knižnica
|
| 852 |
|
|
|a Slovenská národná knižnica
|
| 958 |
|
|
|a article15
|
| 958 |
|
|
|a LX
|
| 958 |
|
|
|a SK
|
| 958 |
|
|
|a OND
|
| 958 |
|
|
|a EUIPO
|
| 992 |
|
|
|a RBX
|
| 999 |
|
|
|c 2805680
|d 2807610
|